Questions Réponses Thème Football - Statistiques

Statistiques générales
  • Ce quiz a été pris 47 fois
  • Le résultat moyen est 4 sur 10
Statistiques - réponses
Question Réponse % Correct
Qui à gagner le Ballon d'Or 1983 ? Michel Platini
82%
Qui est le seul à avoir gagné le Super Ballon d'Or ? Alfredo Di Stéphano
64%
Qui à gagné le Ballon d' Or 1963 ? Lev Yashin
64%
Combien Ronaldo à marqué de but durant toute sa carrière ? 900 buts
45%
Qui à gagné la LDC 1983 ? Hambourg SV
45%
Qui est le GOAT du Football ? Cristiano Ronaldo
27%
Quelle était la finale de la LDC 2000 ? Real Madrid vs Valence CF
18%
Combien de buts à marqué Kylian Mbappé en sélection ? 48 buts
9%
Combien Messi à marqué de but durant toute sa carrière ? 840 buts
9%
Qui à était Soulier d' Or 2006-2007 ? Francesco Totti
9%
Aucun quiz correspondant
Distribution des résultats
% des personnes avec chaque résultat
Percentile par nombre de réponses
Votre historique - résultats
Vous n’avez pas pris ce quiz